Football Teams Yuriy Zhirkov Played For - Statistics

General Stats
  • This quiz has been taken 11 times
  • The average score is 6 of 7
Answer Stats
League Years Team % Correct
England 2009-2011 Chelsea FC
100%
Russia 2004-2009 CSKA Moscow
100%
Russia 2011-2013 FC Anzhi Makhachkala
90%
Russia 2013-2016 FC Dynamo Moscow
90%
Russia 2001-2004 FC Spartak Tambov
90%
Russia 2016-2021 Zenit St. Petersburg
90%
Russia 2022 FK Khimki
60%
No matching quizzes found
Score Distribution
Percent of People with Each Score
Percentile by Number Answered
Your Score History
You have not taken this quiz